| 000 | 00366nam a2200145Ia 4500 | ||
|---|---|---|---|
| 008 | 191201s2013 xx 000 0 und d | ||
| 082 |
_a658.15 _bMIM |
||
| 100 | _aMITHANI,D.M | ||
| 245 | 0 | _aManagerial Economics: Theory and Application | |
| 250 | _aRep | ||
| 260 |
_aN. Delhi _bHimalaya Publication House _c2013 |
||
| 300 | _a700 | ||
| 650 | _aBBA | ||
| 942 |
_2ddc _cBK |
||
| 999 |
_c5675 _d5675 |
||